Dictionary of local-botanical names of plants in Indian folk life: (Record no. 163978)

MARC details
000 -LEADER
fixed length control field 00545nam a22001697a 4500
003 - CONTROL NUMBER IDENTIFIER
control field OSt
020 ## - INTERNATIONAL STANDARD BOOK NUMBER
International Standard Book Number 9789383692514
082 ## - DEWEY DECIMAL CLASSIFICATION NUMBER
Classification number 580.03
Item number VAR/DI
100 ## - MAIN ENTRY--PERSONAL NAME
Personal name Vartika Jain
245 ## - TITLE STATEMENT
Title Dictionary of local-botanical names of plants in Indian folk life:
Remainder of title (guide to over 26000 tribal and rural plant names documented in sixty years ethnobotanical field work)
260 ## - PUBLICATION, DISTRIBUTION, ETC. (IMPRINT)
Place of publication, distribution, etc Jodhpur
Name of publisher, distributor, etc Scientific Publishers
Date of publication, distribution, etc 2018
300 ## - PHYSICAL DESCRIPTION
Extent iv, 329p.
546 ## - LANGUAGE
Language note English
650 ## - SUBJECT ADDED ENTRY--TOPICAL TERM
Topical term or geographic name as entry element Botanical names of plants
700 ## - ADDED ENTRY--PERSONAL NAME
Personal name Jain, S K
942 ## - ADDED ENTRY ELEMENTS (KOHA)
Source of classification or shelving scheme Dewey Decimal Classification
Koha item type Books (General)
Holdings
Lost status Source of classification or shelving scheme Damaged status Not for loan Collection code Home library Current library Shelving location Date acquired Cost, normal purchase price Total Checkouts Full call number Barcode Date last seen Koha item type
  Dewey Decimal Classification     General KAU Central Library, Thrissur KAU Central Library, Thrissur General 06/05/2019 1950.00   580.03 VAR/DI 228675 06/05/2019 Books (General)
Kerala Agricultural University Central Library
Thrissur-(Dt.), Kerala Pin:- 680656, India
Ph : (+91)(487) 2372219
E-mail: librarian@kau.in
Website: http://library.kau.in/